[Event "SG Niederkassel 1 - Südlohner SV 1"]
[Site "NRW-Klasse, Gruppe 1 2013/201"]
[Date "2013.09.15"]
[Round "1.4"]
[White "Rybarczyk, Klaus"]
[Black "Doennebrink, Elmar"]
[Result "0-1"]
[WhiteElo "2129"]
[BlackElo "2044"]
[PlyCount "128"]
[EventDate "2013.??.??"]
[WhiteTeam "SG Niederkassel 1"]
[BlackTeam "Südlohner SV 1"]

1. Nf3 d5 2. c4 e6 3. g3 c6 4. b3 Nf6 5. Bg2 b6 6. O-O Nbd7 7. Bb2 Ba6 8. d3
Be7 9. Nbd2 O-O 10. e4 c5 11. e5 Ne8 12. Qe2 Nc7 13. Ne1 f5 14. f4 Rb8 15. Nc2
Bb7 16. Kh1 Qc8 17. Rad1 d4 18. Nf3 Ba8 19. Rg1 b5 20. Ba3 Qa6 21. Ra1 Rfe8 22.
h3 Kh8 23. Kh2 Nf8 24. Nd2 Bxg2 25. Rxg2 b4 26. Bb2 Qc6 27. g4 Ng6 28. Rf2 Rf8
29. g5 a5 30. h4 Rfc8 31. h5 Nf8 32. a3 Na6 33. a4 Bd8 34. Nf3 Rb7 35. Rd1 Ra7
36. Rg2 Bb6 37. g6 h6 38. Bc1 Kg8 39. Bd2 Rb7 40. Be1 Bd8 41. Bf2 Qd7 42. Bxd4
cxd4 43. Ncxd4 Nc5 44. Qc2 Be7 45. Nb5 Qc6 46. Nd2 Rd7 47. d4 Rcd8 48. d5 exd5
49. Nd4 Qb7 50. N2f3 dxc4 51. Qxf5 Nxb3 52. Qf7+ Kh8 53. Nf5 Bc5 54. Rxd7 Rxd7
55. Nxh6 Rxf7 56. Nxf7+ Kg8 57. N3g5 Be3 58. Rg4 Qd7 59. h6 gxh6 60. Nxh6+ Kg7
61. Ngf7 Qd2+ 62. Kh3 Qd3 63. Kh4 Nd4 64. Nd6 Bf2+ 0-1

[Event "SG Niederkassel 1 - Südlohner SV 1"]
[Site "NRW-Klasse, Gruppe 1 2013/201"]
[Date "2013.09.15"]
[Round "1.5"]
[White "Hater, Wolfgang"]
[Black "Broehl, Stephan"]
[Result "0-1"]
[WhiteElo "2056"]
[BlackElo "2120"]
[PlyCount "102"]
[EventDate "2013.??.??"]
[WhiteTeam "Südlohner SV 1"]
[BlackTeam "SG Niederkassel 1"]

1. e4 c6 2. d3 d5 3. Nd2 Qc7 4. Ngf3 Bg4 5. Be2 e6 6. c3 Nd7 7. d4 dxe4 8. Nxe4
Ngf6 9. Ned2 Be7 10. O-O O-O 11. h3 Bh5 12. Nc4 c5 13. dxc5 Nxc5 14. Nd4 Bg6
15. b4 Nce4 16. Qe1 a6 17. a4 e5 18. Nf3 Nd7 19. Bb2 f5 20. Ne3 Nef6 21. Ng5
Qc6 22. f4 Qb6 23. Bc4+ Kh8 24. a5 Qa7 25. Ne6 Rfc8 26. Ba2 Nh5 27. Kh1 exf4
28. Nxf4 Nxf4 29. Rxf4 Re8 30. Rd4 Rad8 31. Rad1 Nf6 32. Rxd8 Bxd8 33. Qd2 Ne4
34. Qd4 Qxd4 35. Rxd4 Bf6 36. Rd7 Ng3+ 37. Kh2 Rxe3 38. Rxb7 h5 39. Bc1 Nf1+
40. Kg1 Re1 41. Rb8+ Be8 42. Bf4 Kh7 43. Rxe8 Rxe8 44. Kxf1 Bxc3 45. Bd6 Re1+
46. Kf2 Rd1 47. Bf4 Bxb4 48. Be6 Bxa5 49. Bxf5+ g6 50. Bc8 Bb6+ 51. Ke2 Ra1 0-1

[Event "SG Niederkassel 1 - Südlohner SV 1"]
[Site "NRW-Klasse, Gruppe 1 2013/201"]
[Date "2013.09.15"]
[Round "1.6"]
[White "Bussard, Christian"]
[Black "Boecker, Manfred"]
[Result "1-0"]
[WhiteElo "2095"]
[BlackElo "1870"]
[PlyCount "73"]
[EventDate "2013.??.??"]
[WhiteTeam "SG Niederkassel 1"]
[BlackTeam "Südlohner SV 1"]

1. e4 e6 2. d4 d5 3. exd5 exd5 4. c4 Nf6 5. Nf3 c6 6. Nc3 Be6 7. Qb3 Qb6 8.
Qxb6 axb6 9. Ng5 dxc4 10. Nxe6 fxe6 11. Bxc4 Nd5 12. O-O Na6 13. Re1 Kd7 14.
Nxd5 exd5 15. Bd3 g6 16. Be2 Bd6 17. Bd2 Kc7 18. a3 Rhe8 19. Bd3 Rxe1+ 20. Rxe1
Rf8 21. h4 Rf7 22. h5 gxh5 23. Re6 Kd7 24. Rh6 Nc7 25. Rxh5 c5 26. Bxh7 cxd4
27. g4 Bf4 28. Bb4 Bc1 29. b3 b5 30. Kg2 Kc6 31. g5 Ne8 32. Bg6 Rc7 33. Bxe8+
Kb6 34. g6 d3 35. Rxd5 d2 36. Bxd2 Bxa3 37. Be3+ 1-0

[Event "SG Niederkassel 1 - Südlohner SV 1"]
[Site "NRW-Klasse, Gruppe 1 2013/201"]
[Date "2013.09.15"]
[Round "1.7"]
[White "Teloeken, Andreas"]
[Black "Dierkes, Tobias"]
[Result "0-1"]
[WhiteElo "1971"]
[BlackElo "2071"]
[Annotator "Doe,John"]
[PlyCount "62"]
[EventDate "2013.??.??"]
[WhiteTeam "Südlohner SV 1"]
[BlackTeam "SG Niederkassel 1"]

1. e4 c5 2. c3 Nf6 3. e5 Nd5 4. d4 cxd4 5. cxd4 d6 6. Nf3 Nc6 7. Bc4 e6 8. Qe2
Be7 9. O-O O-O 10. Qe4 Ndb4 11. exd6 Qxd6 12. Nc3 Na5 13. Be2 Bd7 14. Rd1 Bc6
15. Qg4 f5 16. Qh3 b6 17. Ne5 Bb7 18. Bf4 Qd8 19. Nc4 Nd5 20. Nxd5 Bxd5 21. Ne3
Rc8 22. Nxd5 exd5 23. b3 Nc6 24. Ba6 Rc7 25. Qg3 Rd7 26. Bb5 Rf6 27. Rac1 Rdd6
28. Bxd6 Bxd6 29. Qf3 Ne7 30. Re1 Rh6 31. h3 Rh4 {ZÜ} 0-1

[Event "SG Niederkassel 1 - Südlohner SV 1"]
[Site "NRW-Klasse, Gruppe 1 2013/201"]
[Date "2013.09.15"]
[Round "1.8"]
[White "Guelsen, Taylan"]
[Black "Kempe, Frank"]
[Result "1/2-1/2"]
[WhiteElo "2025"]
[BlackElo "1964"]
[Annotator "Doe,John"]
[PlyCount "129"]
[EventDate "2013.??.??"]
[WhiteTeam "SG Niederkassel 1"]
[BlackTeam "Südlohner SV 1"]

1. e4 c5 2. Nf3 Nc6 3. Nc3 g6 4. Bb5 Bg7 5. O-O e5 6. Nd5 Nge7 7. Nxe7 Nxe7 8.
d3 O-O 9. Bg5 f6 10. Be3 b6 11. Bc4+ Kh8 12. Qd2 Bb7 13. Bh6 d5 14. Bxg7+ Kxg7
15. exd5 Nxd5 16. Bxd5 Qxd5 17. Qe3 Rae8 18. Rfe1 e4 19. dxe4 Rxe4 20. Qb3 $11
Rfe8 21. Qxd5 Rxe1+ 22. Rxe1 Rxe1+ 23. Nxe1 Bxd5 24. a3 Kf7 25. f3 Ke6 26. Kf2
a5 27. Ke3 Kd6 28. Nd3 g5 29. g3 Bc4 $11 30. Nf2 Ke6 31. Ne4 Bd5 32. Nc3 Bc6
33. Nd1 h5 34. Nf2 Kf5 35. Nd3 Ke6 36. Nf2 Kf5 37. c3 Ke5 38. b3 a4 39. Nd3+
Kd5 40. c4+ Kd6 41. bxa4 Bxa4 42. f4 Bb3 43. Nb2 Bc2 44. Kd2 Be4 45. fxg5 fxg5
46. Na4 Kc6 47. Nc3 Bg2 48. Ke2 Kd6 49. Na4 Kc6 50. Nc3 Kd6 51. Na4 Kc7 52. Nc3
h4 53. Kf2 Bh3 54. Ne4 hxg3+ 55. Kxg3 Be6 56. Nxg5 Bxc4 57. Kf4 b5 58. Ne4 Kc6
59. Ke5 Be2 60. h4 b4 61. Nxc5 bxa3 62. Nb3 Bd1 63. Kd4 Bxb3 64. Kc3 a2 65. Kb2
1/2-1/2

[Event "SF Katernberg 2 - Oberhausener SV 1"]
[Site "NRW-Klasse, Gruppe 1 2013/201"]
[Date "2013.10.06"]
[Round "2.1"]
[White "Hort, Vlastimil"]
[Black "Rosen, Bernd"]
[Result "1-0"]
[WhiteElo "2388"]
[BlackElo "2244"]
[PlyCount "71"]
[EventDate "2013.??.??"]
[WhiteTeam "Oberhausener SV 1"]
[BlackTeam "SF Katernberg 2"]

1. d4 Nf6 2. Nf3 c5 3. d5 d6 4. Nc3 g6 5. e4 Bg7 6. Be2 O-O 7. O-O Na6 8. Re1
Nc7 9. h3 a6 10. a4 b6 11. Bf4 Bb7 12. Bc4 Qd7 13. Qd3 Rad8 14. Rad1 Nh5 15.
Bg5 h6 16. Bc1 g5 17. e5 dxe5 18. Nxe5 Qd6 19. Qf5 Bc8 20. Qe4 Bxe5 21. Qxe5
Qxe5 22. Rxe5 e6 23. h4 exd5 24. Bxd5 Nf6 25. hxg5 Nfxd5 26. Nxd5 Nxd5 27.
Rexd5 Rxd5 28. Rxd5 Re8 29. Be3 h5 30. Rd6 b5 31. a5 c4 32. c3 Kh7 33. Rh6+ Kg7
34. Bd4+ f6 35. Rxf6 Kg8 36. Rh6 1-0

[Event "SF Katernberg 2 - Oberhausener SV 1"]
[Site "NRW-Klasse, Gruppe 1 2013/201"]
[Date "2013.10.06"]
[Round "2.2"]
[White "Villwock, Martin"]
[Black "Becker, Marcel"]
[Result "0-1"]
[WhiteElo "2179"]
[BlackElo "2345"]
[PlyCount "76"]
[EventDate "2013.??.??"]
[WhiteTeam "SF Katernberg 2"]
[BlackTeam "Oberhausener SV 1"]

1. d4 d5 2. c4 c6 3. Nc3 Nf6 4. cxd5 cxd5 5. Bf4 Nc6 6. e3 e6 7. Bd3 Be7 8. Rc1
O-O 9. a3 Bd7 10. g4 Qb6 11. g5 Ne4 12. Qc2 Rac8 13. Nge2 Nxg5 14. Bxg5 Bxg5
15. Bxh7+ Kh8 16. Rg1 Bh6 17. b4 a5 18. b5 Ne7 19. Bd3 Qd6 20. Qa4 Qxh2 21.
Qxa5 e5 22. Qb4 e4 23. Qxe7 exd3 24. Qxd7 dxe2 25. Qg4 Qd6 26. Nxe2 f5 27. Qh5
Rxc1+ 28. Nxc1 Qxa3 29. Ke2 Qb2+ 30. Kf3 f4 31. e4 dxe4+ 32. Kxe4 Qxf2 33. Rg6
Qe3+ 34. Kd5 f3 35. Nd3 Rd8+ 36. Kc4 Rxd4+ 37. Kb3 Qxd3+ 38. Kb2 Rb4+ 0-1

[Event "SF Katernberg 2 - Oberhausener SV 1"]
[Site "NRW-Klasse, Gruppe 1 2013/201"]
[Date "2013.10.06"]
[Round "2.3"]
[White "Kaufeld, Juergen"]
[Black "Valkyser, Martin"]
[Result "1-0"]
[WhiteElo "2315"]
[BlackElo "2181"]
[PlyCount "71"]
[EventDate "2013.??.??"]
[WhiteTeam "Oberhausener SV 1"]
[BlackTeam "SF Katernberg 2"]

1. Nf3 c5 2. e4 e6 3. Nc3 Nc6 4. Bb5 Qc7 5. O-O a6 6. Bxc6 Qxc6 7. d4 cxd4 8.
Nxd4 Qc7 9. Re1 Bb4 10. Qf3 Bxc3 11. bxc3 d6 12. Qg3 g6 13. Ba3 e5 14. Rad1 f6
15. Nb3 Kf7 16. Bxd6 Qc4 17. f4 exf4 18. Bxf4 Ne7 19. Rd4 Qe6 20. Rd6 Qg4 21.
Qf2 Re8 22. h3 Qh5 23. e5 f5 24. e6+ Kg8 25. Qb6 g5 26. Be5 Nc6 27. Nd4 g4 28.
Qc7 Nxe5 29. Rxe5 gxh3 30. Rxf5 Qg6 31. Rg5 Qxg5 32. Qf7+ Kh8 33. Qxe8+ Kg7 34.
Qf7+ Kh8 35. Qf8+ Qg8 36. Qf6+ 1-0

[Event "SF Katernberg 2 - Oberhausener SV 1"]
[Site "NRW-Klasse, Gruppe 1 2013/201"]
[Date "2013.10.06"]
[Round "2.5"]
[White "Ciornei, Dragos"]
[Black "Wessendorf, Thomas"]
[Result "0-1"]
[WhiteElo "2106"]
[BlackElo "2181"]
[PlyCount "82"]
[EventDate "2013.??.??"]
[WhiteTeam "Oberhausener SV 1"]
[BlackTeam "SF Katernberg 2"]

1. e4 c5 2. Nf3 d6 3. d4 cxd4 4. Nxd4 Nf6 5. Nc3 g6 6. Bc4 Bg7 7. f3 O-O 8. Be3
Nc6 9. Qd2 Bd7 10. O-O-O Qb8 11. g4 b5 12. Ndxb5 Ne5 13. Be2 Bxb5 14. Nxb5 Nxf3
15. Bxf3 Qxb5 16. Bd4 Rab8 17. h4 Rfc8 18. h5 Nd7 19. Bxg7 Kxg7 20. c3 g5 21.
h6+ Kh8 22. Rh2 Ne5 23. Be2 Qa5 24. a3 Rb3 25. c4 Nxc4 26. Bxc4 Rxc4+ 27. Kb1
Qxd2 28. Rhxd2 f6 29. Rd4 Rxd4 30. Rxd4 Kg8 31. Rc4 Kf7 32. Rc7 Rg3 33. Rxa7
Rxg4 34. b4 Rxe4 35. b5 g4 36. Rc7 Re5 37. a4 Re4 38. Kb2 Rxa4 39. Kb3 Ra1 40.
Rc2 Rb1+ 41. Kc4 f5 0-1

[Event "SF Katernberg 2 - Oberhausener SV 1"]
[Site "NRW-Klasse, Gruppe 1 2013/201"]
[Date "2013.10.06"]
[Round "2.6"]
[White "Gassmann, Volker"]
[Black "Nissen, Claus"]
[Result "1-0"]
[WhiteElo "2145"]
[BlackElo "2133"]
[PlyCount "71"]
[EventDate "2013.??.??"]
[WhiteTeam "SF Katernberg 2"]
[BlackTeam "Oberhausener SV 1"]

1. d4 e6 2. c4 f5 3. g3 Nf6 4. Bg2 d5 5. Nf3 c6 6. O-O Be7 7. b3 O-O 8. Bb2 Qe8
9. Ne5 Qh5 10. Nd2 Nbd7 11. Nd3 Bd6 12. Nf4 Qh6 13. e3 g5 14. Nd3 Ne4 15. Rc1
Ndf6 16. Ne5 Bd7 17. f3 Nxd2 18. Qxd2 g4 19. Nxd7 Nxd7 20. fxg4 fxg4 21. Qe2
Qg5 22. e4 dxe4 23. Qxe4 e5 24. c5 Bc7 25. d5 Nf6 26. Qc4 cxd5 27. Bxd5+ Kg7
28. Bxb7 Rad8 29. Rc2 Qe3+ 30. Rcf2 h5 31. Bc1 Qd4 32. Bg5 Nh7 33. Bxd8 Rxf2
34. Qxd4 Rxf1+ 35. Kxf1 exd4 36. Bxc7 1-0

[Event "SF Katernberg 2 - Oberhausener SV 1"]
[Site "NRW-Klasse, Gruppe 1 2013/201"]
[Date "2013.10.06"]
[Round "2.7"]
[White "Soehnchen, Andreas"]
[Black "Stremmel, Ralf"]
[Result "1-0"]
[WhiteElo "2133"]
[BlackElo "2037"]
[PlyCount "73"]
[EventDate "2013.??.??"]
[WhiteTeam "Oberhausener SV 1"]
[BlackTeam "SF Katernberg 2"]

1. d4 Nf6 2. c4 e6 3. Nc3 Bb4 4. Qc2 c5 5. dxc5 Nc6 6. Nf3 Bxc5 7. a3 a5 8. Bf4
d6 9. Rd1 Qe7 10. e3 e5 11. Bg5 Be6 12. Nd5 Bxd5 13. cxd5 Nb8 14. Bb5+ Nbd7 15.
Bxf6 Qxf6 16. Qa4 Qd8 17. Rc1 Bb6 18. Qg4 g6 19. Ng5 f5 20. Qg3 Qe7 21. Ne6 Kf7
22. Bxd7 Qxd7 23. O-O Rhc8 24. e4 f4 25. Qh3 Kg8 26. Qh6 Qe7 27. g3 fxg3 28.
hxg3 Qf7 29. Kg2 Rxc1 30. Qxc1 Re8 31. Qc4 Qd7 32. Rc1 Qf7 33. Rc2 Bd8 34. Qb5
g5 35. Rc8 g4 36. Qxe8+ Qxe8 37. Rxd8 1-0

[Event "SF Katernberg 2 - Oberhausener SV 1"]
[Site "NRW-Klasse, Gruppe 1 2013/201"]
[Date "2013.10.06"]
[Round "2.8"]
[White "Stratmann, Holger"]
[Black "Voge, Andreas"]
[Result "1-0"]
[WhiteElo "1903"]
[BlackElo "2078"]
[PlyCount "39"]
[EventDate "2013.??.??"]
[WhiteTeam "SF Katernberg 2"]
[BlackTeam "Oberhausener SV 1"]

1. e4 c5 2. Nf3 e6 3. d4 cxd4 4. Nxd4 Nf6 5. Nc3 Bb4 6. e5 Nd5 7. Bd2 Nxc3 8.
bxc3 Ba5 9. Qg4 O-O 10. Bd3 f5 11. exf6 Qxf6 12. O-O h6 13. Qe4 Nc6 14. Qh7+
Kf7 15. Nxc6 bxc6 16. Rae1 Bb7 17. Qe4 d5 18. Qg4 e5 19. Qd7+ Qe7 20. Bg6+ 1-0

[Event "Südlohner SV 1 - PSV Duisburg 1"]
[Site "NRW-Klasse, Gruppe 1 2013/201"]
[Date "2013.10.06"]
[Round "2.1"]
[White "Fleck, Juergen"]
[Black "Kolakovic, Klaudio"]
[Result "1-0"]
[WhiteElo "2325"]
[BlackElo "1969"]
[Annotator "Doe,John"]
[PlyCount "107"]
[EventDate "2013.??.??"]
[WhiteTeam "PSV Duisburg 1"]
[BlackTeam "Südlohner SV 1"]

1. e4 Nc6 2. Nf3 f5 3. exf5 d5 4. d4 Bxf5 5. Bb5 e6 6. Bf4 Bd6 7. Ne5 Bxe5 8.
Bxe5 Nf6 9. Nd2 O-O 10. Bxc6 bxc6 11. Nb3 Nd7 12. Bg3 Nb6 13. Nc5 Nc4 14. b3
Nd6 15. O-O Ne4 16. Nxe4 dxe4 17. Qd2 c5 18. Be5 cxd4 19. Qxd4 Qxd4 20. Bxd4
Rfd8 21. Be3 h6 22. Rfd1 a6 23. h3 Kf7 24. g4 Bh7 25. Rxd8 Rxd8 $11 26. b4 e5
27. a4 Ke6 28. c4 Bg6 29. b5 Ra8 30. a5 axb5 31. cxb5 Be8 32. b6 cxb6 33. Bxb6
Bb5 34. Rc1 Kd6 35. Bc7+ Kd5 36. Bxe5 Rxa5 37. Bxg7 Ra6 38. Kg2 Rg6 39. Bf8 Bc4
40. Ra1 Bb5 41. Ra8 h5 42. Rd8+ Ke6 43. Kg3 hxg4 44. h4 Rg8 45. Rb8 Be2 46.
Rb6+ Kf7 47. Bh6 Rg6 48. Rb7+ Kg8 49. Bf4 Rg7 50. Rb8+ Kh7 51. h5 Bc4 52. Be5
Rg8 53. Rb7+ Kh6 54. Kh4 1-0

[Event "Südlohner SV 1 - PSV Duisburg 1"]
[Site "NRW-Klasse, Gruppe 1 2013/201"]
[Date "2013.10.06"]
[Round "2.2"]
[White "Darwisch, Khaled"]
[Black "Schmitz, Joachim"]
[Result "0-1"]
[WhiteElo "2007"]
[BlackElo "2232"]
[PlyCount "68"]
[EventDate "2013.??.??"]
[WhiteTeam "Südlohner SV 1"]
[BlackTeam "PSV Duisburg 1"]

1. e4 c5 2. d3 Nc6 3. g3 g6 4. Bg2 Bg7 5. Ne2 e6 6. O-O Nge7 7. c3 d5 8. Nd2
O-O 9. f4 b6 10. e5 f6 11. d4 cxd4 12. cxd4 Nf5 13. Nf3 Ba6 14. Rf2 Qd7 15. g4
Nfe7 16. exf6 Bxf6 17. Ng3 Nc8 18. Ne5 Nxe5 19. dxe5 Bd8 20. f5 Ne7 21. Bg5
exf5 22. gxf5 Nxf5 23. Bxd5+ Kh8 24. e6 Qg7 25. Nxf5 gxf5 26. Bxa8 Bxg5 27. Bg2
Be3 28. Qa4 Bxf2+ 29. Kxf2 Qxb2+ 30. Kf3 Bb7+ 31. Kf4 Qf2+ 32. Ke5 Qe3+ 33. Kd6
Qc5+ 34. Kd7 Bc8# 0-1

[Event "Südlohner SV 1 - PSV Duisburg 1"]
[Site "NRW-Klasse, Gruppe 1 2013/201"]
[Date "2013.10.06"]
[Round "2.3"]
[White "Wengenroth, Walter"]
[Black "Hater, Wolfgang"]
[Result "1-0"]
[WhiteElo "2210"]
[BlackElo "2056"]
[PlyCount "57"]
[EventDate "2013.??.??"]
[WhiteTeam "PSV Duisburg 1"]
[BlackTeam "Südlohner SV 1"]

1. e4 e5 2. Nf3 Nc6 3. Bb5 Nge7 4. O-O d6 5. c3 Bd7 6. d4 Ng6 7. d5 Nb8 8.
Bxd7+ Nxd7 9. c4 Be7 10. Nc3 O-O 11. g3 Nh8 12. Qc2 g6 13. Bh6 Re8 14. Be3 h5
15. b4 h4 16. Rac1 a6 17. Na4 g5 18. c5 g4 19. Nd2 Bg5 20. Nc4 b5 21. cxb6 Nxb6
22. Naxb6 cxb6 23. Qe2 Ng6 24. Qxg4 Bxe3 25. Nxe3 Rc8 26. Nf5 Rxc1 27. Rxc1
hxg3 28. hxg3 Qb8 29. Qg5 1-0

[Event "Südlohner SV 1 - PSV Duisburg 1"]
[Site "NRW-Klasse, Gruppe 1 2013/201"]
[Date "2013.10.06"]
[Round "2.4"]
[White "Boecker, Manfred"]
[Black "Maslak, Sulejman"]
[Result "0-1"]
[WhiteElo "1870"]
[BlackElo "2232"]
[PlyCount "68"]
[EventDate "2013.??.??"]
[WhiteTeam "Südlohner SV 1"]
[BlackTeam "PSV Duisburg 1"]

1. d4 d5 2. e3 c5 3. c3 Nc6 4. f4 e6 5. Bd3 Nf6 6. Qf3 Qb6 7. Nh3 Bd6 8. O-O
O-O 9. Kh1 h6 10. Nd2 Bd7 11. Nf2 Ne7 12. a4 a5 13. g4 Ne4 14. Qd1 Nxd2 15.
Qxd2 f6 16. Be2 e5 17. dxe5 fxe5 18. Nd3 e4 19. Nf2 Bc6 20. Qc2 c4 21. Bd2 Bc5
22. Qc1 Ng6 23. Nh3 Ne5 24. fxe5 g5 25. Rf6 Rxf6 26. exf6 Rf8 27. Qf1 Bd7 28.
Bxc4 dxc4 29. Qxc4+ Be6 30. Qxe4 Rxf6 31. c4 Qxb2 32. Rd1 Qb3 33. Qb1 Qxc4 34.
Kg1 Qxg4+ 0-1

[Event "Südlohner SV 1 - PSV Duisburg 1"]
[Site "NRW-Klasse, Gruppe 1 2013/201"]
[Date "2013.10.06"]
[Round "2.5"]
[White "Heisel, Guido"]
[Black "Schmeing, Walter"]
[Result "0-1"]
[WhiteElo "2094"]
[BlackElo "1984"]
[Annotator "Doe,John"]
[PlyCount "148"]
[EventDate "2013.??.??"]
[WhiteTeam "PSV Duisburg 1"]
[BlackTeam "Südlohner SV 1"]

1. d4 d5 2. Bf4 Nf6 3. e3 c6 4. c4 e6 5. Nc3 Qa5 6. a3 dxc4 7. Bxc4 Nd5 8. Nge2
Nxf4 9. Nxf4 Be7 10. O-O O-O 11. Nd3 Nd7 12. f4 Nf6 13. Rf3 b5 14. Bb3 Qb6 15.
a4 a5 16. axb5 cxb5 17. Ne5 Bb7 18. Rh3 a4 19. Bc2 g6 20. Bd3 Ba6 21. Qe1 Rfe8
22. Qg3 Bf8 23. Qh4 Nh5 24. Qg4 Nf6 25. Qh4 Nh5 26. Ne4 Be7 27. Qe1 Ng7 28. Nd7
Qd8 29. Ne5 Rc8 30. Qe2 Qb6 31. Ng4 Qd8 32. Bxb5 Bxb5 33. Qxb5 f5 34. Nh6+ Kf8
35. Nc3 a3 36. Qe2 Qb6 37. Nd1 axb2 38. Nxb2 Qb3 39. Nd3 Rc2 40. Qf1 Rec8 41.
Rd1 Qd5 42. Qf3 Qa2 43. e4 Qa4 44. exf5 gxf5 45. Nxf5 exf5 46. Rxh7 Qxd4+ 47.
Kh1 Kg8 48. Qh3 Bf6 49. Rh8+ Kf7 50. Rxc8 Rxc8 51. Qf3 Qe4 52. Qf1 Nh5 53. Re1
Qd5 54. Qf3 $11 Qxf3 55. gxf3 Rc3 56. Rd1 Ng7 57. Kg2 Ne6 58. Kg3 Rc2 59. Nb4
Rc4 60. Nd5 Nxf4 61. Ne3 Bh4+ 62. Kxh4 Ng2+ 63. Kg5 Nxe3 64. Rd7+ Ke6 65. Rd8
Nd5 66. Ra8 Rc2 67. Ra6+ Ke5 68. f4+ Nxf4 69. Ra5+ Nd5 70. h4 Rg2+ 71. Kh6 f4
72. h5 f3 73. Ra1 f2 74. Rf1 Nf4 0-1

[Event "Südlohner SV 1 - PSV Duisburg 1"]
[Site "NRW-Klasse, Gruppe 1 2013/201"]
[Date "2013.10.06"]
[Round "2.6"]
[White "Teloeken, Andreas"]
[Black "Kleff, Andre"]
[Result "1-0"]
[WhiteElo "1971"]
[BlackElo "2108"]
[PlyCount "67"]
[EventDate "2013.??.??"]
[WhiteTeam "Südlohner SV 1"]
[BlackTeam "PSV Duisburg 1"]

1. e4 g6 2. d4 Bg7 3. Nc3 c6 4. g3 d5 5. e5 f6 6. f4 Nh6 7. Bg2 Bg4 8. Nce2 Nd7
9. Nf3 Qb6 10. h3 Bxf3 11. Bxf3 fxe5 12. fxe5 Nf5 13. g4 Nh4 14. Rf1 Nxf3+ 15.
Rxf3 e6 16. Bg5 c5 17. c3 h6 18. Qc2 Nf8 19. Bf6 Bxf6 20. Rxf6 O-O-O 21. O-O-O
g5 22. dxc5 Qxc5 23. Nd4 h5 24. Qe2 hxg4 25. Qxg4 Rh4 26. Qxg5 Rxh3 27. Rxf8
Rxf8 28. Nxe6 Rxc3+ 29. Kb1 Qe3 30. Qxe3 Rxe3 31. Nxf8 Rxe5 32. Ng6 Rg5 33.
Ne7+ Kd7 34. Rxd5+ 1-0

[Event "Südlohner SV 1 - PSV Duisburg 1"]
[Site "NRW-Klasse, Gruppe 1 2013/201"]
[Date "2013.10.06"]
[Round "2.7"]
[White "Sponheim, Marko"]
[Black "Kempe, Frank"]
[Result "1-0"]
[WhiteElo "2036"]
[BlackElo "1964"]
[PlyCount "69"]
[EventDate "2013.??.??"]
[WhiteTeam "PSV Duisburg 1"]
[BlackTeam "Südlohner SV 1"]

1. e4 c5 2. Nf3 Nc6 3. d4 cxd4 4. Nxd4 Nf6 5. Nc3 e5 6. Ndb5 d6 7. Nd5 Nxd5 8.
exd5 Nb8 9. c3 Be7 10. a4 O-O 11. Be2 f5 12. f4 a6 13. Na3 Nd7 14. Nc4 exf4 15.
Bxf4 Nc5 16. O-O Qc7 17. a5 Bd7 18. Nb6 Rae8 19. Qc2 Ne4 20. Bd3 Nc5 21. Rae1
Nxd3 22. Qxd3 Rf7 23. b4 Bf8 24. Rxe8 Bxe8 25. c4 g6 26. Qg3 Qd8 27. Rc1 Qf6
28. h4 Qd4+ 29. Kh2 Rg7 30. Qe3 Qxe3 31. Bxe3 Re7 32. Bf4 Re4 33. g3 h6 34. c5
Rxb4 35. c6 1-0

[Event "Südlohner SV 1 - PSV Duisburg 1"]
[Site "NRW-Klasse, Gruppe 1 2013/201"]
[Date "2013.10.06"]
[Round "2.8"]
[White "Sparwel, Oliver"]
[Black "Spitzer, Erwin"]
[Result "1/2-1/2"]
[WhiteElo "1970"]
[BlackElo "1975"]
[PlyCount "77"]
[EventDate "2013.??.??"]
[WhiteTeam "Südlohner SV 1"]
[BlackTeam "PSV Duisburg 1"]

1. Nf3 d5 2. d4 c6 3. e3 e6 4. Bd3 f5 5. Nbd2 Bd6 6. Ne5 Nf6 7. O-O O-O 8. c4
g6 9. b3 Nbd7 10. Bb2 Bc7 11. b4 Nxe5 12. dxe5 Ne4 13. c5 Nxd2 14. Qxd2 Bd7 15.
a4 Qb8 16. f4 b6 17. Bd4 Rf7 18. Rfb1 g5 19. b5 gxf4 20. exf4 Qd8 21. Qe3 Rb8
22. Rb4 Rg7 23. Rc1 bxc5 24. Bxc5 Ba5 25. Rbb1 cxb5 26. Bxb5 Bxb5 27. Rxb5 Rxb5
28. axb5 Rb7 29. Rb1 Bb6 30. Bxb6 Qxb6 31. Qxb6 Rxb6 32. Ra1 Rb7 33. Ra5 Kf7
34. Kf2 Rd7 35. Ke3 h5 36. Kd4 Rc7 37. g3 Kg6 38. Ra6 Kf7 39. Ra2 1/2-1/2

[Event "SG Bochum 2 - Elberfelder SG 1"]
[Site "NRW-Klasse, Gruppe 1 2013/201"]
[Date "2013.10.06"]
[Round "2.1"]
[White "Odendahl, Reiner"]
[Black "Dahm, Jochen"]
[Result "1-0"]
[WhiteElo "2252"]
[BlackElo "2248"]
[PlyCount "73"]
[EventDate "2013.??.??"]
[WhiteTeam "Elberfelder SG 1"]
[BlackTeam "SG Bochum 2"]

1. Nf3 c5 2. g3 Nf6 3. Bg2 Nc6 4. c4 g6 5. O-O Bg7 6. Nc3 O-O 7. d4 cxd4 8.
Nxd4 Nxd4 9. Qxd4 d6 10. Qd3 Be6 11. Bxb7 Rb8 12. Bg2 Qa5 13. b3 Rxb3 14. axb3
Qxa1 15. Bd2 Qa6 16. Rb1 Rd8 17. Nb5 Bf5 18. e4 Bd7 19. Bc3 d5 20. Ra1 dxe4 21.
Bxe4 Qe6 22. Bxf6 Bxf6 23. Rxa7 Kg7 24. Ra8 Rxa8 25. Bxa8 Qe1+ 26. Kg2 Bf5 27.
Qe3 Qb1 28. h4 Bd3 29. Nc7 Qxb3 30. Ne8+ Kf8 31. Nxf6 exf6 32. Bd5 Qc2 33. Qc5+
Kg7 34. Qe7 Bf5 35. Qxf7+ Kh6 36. Qf8+ Kh5 37. Qxf6 1-0

[Event "SG Bochum 2 - Elberfelder SG 1"]
[Site "NRW-Klasse, Gruppe 1 2013/201"]
[Date "2013.10.06"]
[Round "2.2"]
[White "Tkachuk, Konstantyn"]
[Black "Hintze, Helge"]
[Result "1-0"]
[WhiteElo "2236"]
[BlackElo "2285"]
[PlyCount "85"]
[EventDate "2013.??.??"]
[WhiteTeam "SG Bochum 2"]
[BlackTeam "Elberfelder SG 1"]

1. e4 e6 2. d4 d5 3. exd5 exd5 4. Nf3 Nc6 5. Bb5 Bd6 6. c4 dxc4 7. d5 a6 8. Ba4
b5 9. dxc6 bxa4 10. O-O Ne7 11. Qxa4 Rb8 12. a3 O-O 13. Nbd2 c3 14. bxc3 Be6
15. Nd4 Bd5 16. N2f3 Nxc6 17. Nxc6 Qd7 18. Nfd4 Rb6 19. Be3 Bxc6 20. Nxc6 Qxc6
21. Qxc6 Rxc6 22. Bd4 Rb8 23. a4 Rc4 24. Rfc1 Rb3 25. Kf1 c5 26. Be3 f5 27. Ke2
Kf7 28. Kd3 Re4 29. Rcb1 c4+ 30. Kd2 Be5 31. Rxb3 cxb3 32. Kd3 Bxh2 33. g3 h5
34. Rh1 Rxa4 35. Rxh2 Ra1 36. f4 a5 37. c4 a4 38. Kc3 Re1 39. Bd4 Rc1+ 40. Kb4
Rd1 41. Be5 Rc1 42. Rxh5 g6 43. Rh7+ 1-0

[Event "SG Bochum 2 - Elberfelder SG 1"]
[Site "NRW-Klasse, Gruppe 1 2013/201"]
[Date "2013.10.06"]
[Round "2.3"]
[White "Kurr, Gerd"]
[Black "Schlawin, Marlon"]
[Result "1-0"]
[WhiteElo "2169"]
[BlackElo "2234"]
[PlyCount "127"]
[EventDate "2013.??.??"]
[WhiteTeam "Elberfelder SG 1"]
[BlackTeam "SG Bochum 2"]

1. d4 e6 2. Nf3 c5 3. c3 Nf6 4. Bg5 h6 5. Bh4 b6 6. e3 Bb7 7. Nbd2 Be7 8. Bd3
d6 9. O-O Nc6 10. Qe2 g5 11. Bg3 h5 12. dxc5 bxc5 13. h4 gxh4 14. Bxh4 Rb8 15.
Rfd1 Ng4 16. Bxe7 Qxe7 17. Bb5 Kf8 18. Nc4 Rd8 19. e4 h4 20. Rd2 h3 21. gxh3
Rxh3 22. Kg2 Rh6 23. Rg1 Nce5 24. Ncxe5 Nxe5 25. Nxe5 dxe5 26. Kf1 Rh4 27. f3
Qf6 28. Ke1 Rh8 29. Qf2 Rxd2 30. Qxc5+ Qe7 31. Qxe7+ Kxe7 32. Kxd2 Rh2+ 33. Kc1
Rf2 34. Rd1 Bc8 35. Rd3 f5 36. a4 fxe4 37. fxe4 Re2 38. Rd8 Kxd8 39. Bxe2 Bb7
40. Bd3 a5 41. b4 Bc6 42. b5 Be8 43. c4 Kc7 44. c5 Bh5 45. Kd2 Bf3 46. Bc2 Kb7
47. Ke3 Bg4 48. Kf2 Kc7 49. Kg3 Be2 50. Kh4 Kd7 51. Kg5 Ke7 52. b6 Kd7 53. Kf6
Kc6 54. Kxe6 Ba6 55. Kxe5 Kxc5 56. Bd3 Bb7 57. Bb5 Kxb6 58. Kf5 Kc5 59. e5 Bc8+
60. Kf6 Kd5 61. Be8 Bg4 62. Bf7+ Kc5 63. e6 Bd1 64. Be8 1-0

[Event "SG Bochum 2 - Elberfelder SG 1"]
[Site "NRW-Klasse, Gruppe 1 2013/201"]
[Date "2013.10.06"]
[Round "2.4"]
[White "Kitte, Sebastian"]
[Black "Noetzel, Frank"]
[Result "1/2-1/2"]
[WhiteElo "2248"]
[BlackElo "2120"]
[PlyCount "25"]
[EventDate "2013.??.??"]
[WhiteTeam "SG Bochum 2"]
[BlackTeam "Elberfelder SG 1"]

1. d4 f5 2. g3 Nf6 3. Bg2 g6 4. Nf3 Bg7 5. O-O O-O 6. b4 Nc6 7. a3 d5 8. Bb2
Be6 9. Nbd2 Ne4 10. e3 a5 11. b5 Na7 12. a4 c6 13. bxc6 1/2-1/2